000 00749nam a2200217 i 4500
001 83825
003 ES-MaACL
005 20250804072411.0
007 t|
008 041118s1982 sp ||||1| spa d
100 1 _aIonesco, Eugène,
_d1909-1994
_965378
245 1 0 _aRinoceronte /
_cEugène Ionesco ; [traductor, María Martínez Sierra ; revisión de Miguel Salabert].
260 _aMadrid :
_bAlianza,
_c[1982]
300 _a203 p. ;
_c18 cm.
490 1 _aEl libro de bolsillo. Literatura ;
_v871
700 1 _aMartínez Sierra, María,
_d1874-1974
_978430
700 1 _aSalabert, Miguel.
_9101686
830 0 3 _aEl libro de bolsillo.
_pLiteratura
_v871
_9180913
852 _aES-MaACL
_jL-2704
_bR.102773
999 _c83825
_d83825